Statistics for City To Country - Tile Select

Click here to take the quiz!

General Stats

  • This quiz has been taken 24 times
  • The average score is 245 of 300

Answer Stats

QuestionTileSelect% Correct
cities in AustraliaAtlantaNo
100%
cities in the United StatesBelfastNo
100%
cities in the United KingdomBostonNo
100%
cities in the United StatesBridgetownNo
100%
cities in AustraliaCorkNo
100%
cities in the United StatesDallasYes
100%
cities in the United StatesEdinburghNo
100%
cities in the United StatesGlasgowNo
100%
cities in the United StatesKingstonNo
100%
cities in the United KingdomLiverpoolYes
100%
cities in the United KingdomLondonYes
100%
cities in the United KingdomManchesterYes
100%
cities in AustraliaMelbourneYes
100%
cities in AustraliaOttawaNo
100%
cities in the United StatesPhiladelphiaYes
100%
cities in the United KingdomPort ElizabethNo
100%
cities in the United StatesSan FranciscoYes
100%
cities in AustraliaSydneyYes
100%
cities in AustraliaAdelaideYes
96%
cities in RussiaAlmatyNo
96%
cities in AustraliaAucklandNo
96%
cities in JapanBakuNo
96%
cities in FranceBrugesNo
96%
cities in ItalyBucharestNo
96%
cities in the United KingdomCardiffYes
96%
cities in the United KingdomDublinNo
96%
cities in the United StatesDurbanNo
96%
cities in ItalyFlorenceYes
96%
cities in ChinaGuangzhouYes
96%
cities in ChinaHanoiNo
96%
cities in ItalyIbizaNo
96%
cities in JapanJakartaNo
96%
cities in FranceLilleYes
96%
cities in BrazilLuandaNo
96%
cities in FranceLuxembourgNo
96%
cities in FranceMarseilleYes
96%
cities in the United KingdomMelbourneNo
96%
cities in ItalyMilanYes
96%
cities in BrazilMontevideoNo
96%
cities in FranceMontréalNo
96%
cities in ItalyNaplesYes
96%
cities in JapanOsakaYes
96%
cities in BrazilRio de JaneiroYes
96%
cities in RussiaSaint PetersburgYes
96%
cities in the United StatesSan DiegoYes
96%
cities in BrazilSão PauloYes
96%
cities in the United StatesSeattleYes
96%
cities in ChinaShanghaiYes
96%
cities in ChinaThimphuNo
96%
cities in JapanTokyoYes
96%
cities in the United StatesTorontoNo
96%
cities in AustraliaVancouverNo
96%
cities in JapanYokohamaYes
96%
cities in GermanyAntwerpNo
92%
cities in ArgentinaAsunciónNo
92%
cities in SpainBarcelonaYes
92%
cities in FranceBaselNo
92%
cities in MexicoBogotaNo
92%
cities in AustraliaBrisbaneYes
92%
cities in BrazilBuenos AiresNo
92%
cities in JapanBusanNo
92%
cities in ArgentinaCaliNo
92%
cities in South AfricaCape TownYes
92%
cities in FranceCologneNo
92%
cities in JapanDaejeonNo
92%
cities in GermanyDresdenYes
92%
cities in GermanyFrankfurtYes
92%
cities in GermanyGrazNo
92%
cities in GermanyGroningenNo
92%
cities in PolandKarlovy VaryNo
92%
cities in ChinaKathmanduNo
92%
cities in South AfricaKhartoumNo
92%
cities in PolandKrakowYes
92%
cities in South AfricaLagosNo
92%
cities in SpainLos AngelesNo
92%
cities in FranceLyonYes
92%
cities in SpainMadridYes
92%
cities in PolandMahilyowNo
92%
cities in MexicoManaguaNo
92%
cities in SpainManilaNo
92%
cities in FranceMonacoNo
92%
cities in ArgentinaMonterreyNo
92%
cities in FranceParisYes
92%
cities in AustraliaPort MoresbyNo
92%
cities in SpainPort of SpainNo
92%
cities in ChinaPyongyangNo
92%
cities in South AfricaRabatNo
92%
cities in ChinaShenzhenYes
92%
cities in GermanyStuttgartYes
92%
cities in BrazilSucreNo
92%
cities in MexicoTijuanaYes
92%
cities in ItalyTiranaNo
92%
cities in ItalyTurinYes
92%
cities in GermanyVaduzNo
92%
cities in ItalyVallettaNo
92%
cities in South AfricaWindhoekNo
92%
cities in ChinaXiamenYes
92%
cities in South AfricaAddis AbabaNo
88%
cities in SpainAndorraNo
88%
cities in CanadaBordeauxNo
88%
cities in the United KingdomBristolYes
88%
cities in ArgentinaBuenos AiresYes
88%
cities in MexicoCancúnYes
88%
cities in South AfricaFreetownNo
88%
cities in PolandGdanskYes
88%
cities in PolandGomelNo
88%
cities in GermanyHamburgYes
88%
cities in the United KingdomHamiltonNo
88%
cities in GermanyInnsbruckNo
88%
cities in South AfricaJohannesburgYes
88%
cities in RussiaKievNo
88%
cities in South AfricaKinshasaNo
88%
cities in SpainLa PazNo
88%
cities in CanadaNiceNo
88%
cities in RussiaOmskYes
88%
cities in ItalyPalermoYes
88%
cities in BrazilRecifeYes
88%
cities in FranceStrasbourgYes
88%
cities in CanadaSydneyNo
88%
cities in ChinaTaipeiNo
88%
cities in CanadaTorontoYes
88%
cities in ItalyTripoliNo
88%
cities in MexicoValenciaNo
88%
cities in PolandWarsawYes
88%
cities in JapanWuhanNo
88%
cities in SpainZaragozaYes
88%
cities in GermanyZürichNo
88%
cities in ItalyAjaccioNo
83%
cities in EgyptAlgiersNo
83%
cities in CanadaAnchorageNo
83%
cities in TurkeyAnkaraYes
83%
cities in the NetherlandsAntwerpNo
83%
cities in GreeceAthensYes
83%
cities in EgyptBenghaziNo
83%
cities in the NetherlandsBernNo
83%
cities in SpainBilbaoYes
83%
cities in CanadaBirminghamNo
83%
cities in South AfricaBloemfonteinYes
83%
cities in the NetherlandsBrusselsNo
83%
cities in EgyptCairoYes
83%
cities in MexicoCaracasNo
83%
cities in SpainCasablancaNo
83%
cities in ArgentinaCórdobaYes
83%
cities in IndiaDelhiYes
83%
cities in GermanyDortmundYes
83%
cities in South AfricaDurbanYes
83%
cities in the NetherlandsDüsseldorfNo
83%
cities in ArgentinaFlorianópolisNo
83%
cities in BrazilFortalezaYes
83%
cities in JapanFoshanNo
83%
cities in MexicoGuadalajaraYes
83%
cities in the NetherlandsHagueYes
83%
cities in CanadaHalifaxYes
83%
cities in JapanIncheonNo
83%
cities in GreeceIstanbulNo
83%
cities in ThailandJohor BahruNo
83%
cities in ChinaKaohsiungNo
83%
cities in RussiaKrasnoyarskYes
83%
cities in the NetherlandsLeipzigNo
83%
cities in PolandLvivNo
83%
cities in EgyptMarrakechNo
83%
cities in MexicoMedellínNo
83%
cities in RussiaMinskNo
83%
cities in IndiaMumbaiYes
83%
cities in EgyptMuscatNo
83%
cities in RussiaPlovdivNo
83%
cities in South AfricaPort ElizabethYes
83%
cities in CanadaPortlandNo
83%
cities in GreecePristinaNo
83%
cities in SwedenRigaNo
83%
cities in the NetherlandsRotterdamYes
83%
cities in GermanySalzburgNo
83%
cities in BrazilSan SalvadorNo
83%
cities in MexicoSantiagoNo
83%
cities in JapanSapporoYes
83%
cities in TurkeyTashkentNo
83%
cities in TurkeyTehranNo
83%
cities in GreeceTimisoaraNo
83%
cities in GreeceTiranaNo
83%
cities in ArgentinaValdíviaNo
83%
cities in CanadaVancouverYes
83%
cities in AustraliaWellingtonNo
83%
cities in SwedenAarhusNo
79%
cities in ThailandBangkokYes
79%
cities in GreeceBariNo
79%
cities in SpainBarranquillaNo
79%
cities in TurkeyBurgasNo
79%
cities in CanadaCalgaryYes
79%
cities in CanadaDetroitNo
79%
cities in IndiaDhakaNo
79%
cities in CanadaEdmontonYes
79%
cities in IndiaFaisalabadNo
79%
cities in AustraliaHobartYes
79%
cities in TurkeyKabulNo
79%
cities in IndiaKarachiNo
79%
cities in RussiaKharkivNo
79%
cities in PolandLinzNo
79%
cities in SpainMálagaYes
79%
cities in ThailandNaypyidawNo
79%
cities in GreeceNicosiaNo
79%
cities in the United KingdomPerthNo
79%
cities in ThailandPhnom PenhNo
79%
cities in ArgentinaRosarioYes
79%
cities in EgyptSana'aNo
79%
cities in SwedenStockholmYes
79%
cities in PolandSzegedNo
79%
cities in SwedenTampereNo
79%
cities in GreeceTbilisiNo
79%
cities in GreeceThessalonikiYes
79%
cities in the NetherlandsUtrechtYes
79%
cities in TurkeyVarnaNo
79%
cities in IndiaYangonNo
79%
cities in EgyptAleppoNo
75%
cities in EgyptAlexandriaYes
75%
cities in TurkeyAstanaNo
75%
cities in TurkeyBasraNo
75%
cities in UkraineBelgradeNo
75%
cities in SwedenBergenNo
75%
cities in ColombiaBogotaYes
75%
cities in the United KingdomGalwayNo
75%
cities in the NetherlandsGroningenYes
75%
cities in GreeceHeraklionYes
75%
cities in UkraineHrodnaNo
75%
cities in TurkeyIzmirYes
75%
cities in UkraineKharkivYes
75%
cities in IndiaKolkataYes
75%
cities in PolandKosiceNo
75%
cities in ThailandKota KinabaluNo
75%
cities in IndiaLahoreNo
75%
cities in FranceLiègeNo
75%
cities in SwedenMalmöYes
75%
cities in EgyptMeccaNo
75%
cities in the NetherlandsOdenseNo
75%
cities in BrazilPorto-NovoNo
75%
cities in MexicoPueblaYes
75%
cities in ArgentinaPunta del EsteNo
75%
cities in ColombiaQuitoNo
75%
cities in JapanSaitamaYes
75%
cities in ThailandSurabayaNo
75%
cities in ChinaTianjinYes
75%
cities in BrazilAveiroNo
71%
cities in ArgentinaCiudad de la CostaNo
71%
cities in RussiaDonetskNo
71%
cities in the NetherlandsGhentNo
71%
cities in MexicoGuayaquilNo
71%
cities in EgyptLuxorYes
71%
cities in UkraineMakhachkalaNo
71%
cities in ColombiaManausNo
71%
cities in UkraineMariupolYes
71%
cities in ArgentinaMendozaYes
71%
cities in EgyptPort SaidYes
71%
cities in PolandPoznanYes
71%
cities in SwedenRoskildeNo
71%
cities in UkraineRuseNo
71%
cities in ColombiaTegucigalpaNo
71%
cities in SwedenAlborgNo
67%
cities in ColombiaArequipaNo
67%
cities in IndiaBangaloreYes
67%
cities in IndiaChittagongNo
67%
cities in SwedenGothenburgYes
67%
cities in ChinaGwangjuNo
67%
cities in IndiaKandaharNo
67%
cities in ColombiaMaracaiboNo
67%
cities in UkraineOdessaYes
67%
cities in GreecePatrasYes
67%
cities in ColombiaSan Miguel de TucumánNo
67%
cities in UkraineSaratovNo
67%
cities in ThailandSeberang PeraiNo
67%
cities in SwedenTrondheimNo
67%
cities in UkraineVeliko TarnovoNo
67%
cities in EgyptAswanYes
63%
cities in ColombiaCuscoNo
63%
cities in IndiaHyderabadYes
63%
cities in ArgentinaMar del PlataYes
63%
cities in ColombiaMedellínYes
63%
cities in UkraineNovosibirskNo
63%
cities in ThailandPhuketYes
63%
cities in RussiaChelyabinskYes
58%
cities in BrazilCuritibaYes
58%
cities in TurkeyGaziantepYes
58%
cities in ItalyLocarnoNo
58%
cities in PolandSzczecinYes
58%
cities in RussiaVitebskNo
58%
cities in MexicoAguascalientesYes
54%
cities in ColombiaCaliYes
54%
cities in the NetherlandsEnschedeYes
54%
cities in ThailandPenangNo
54%
cities in SwedenUppsalaYes
54%
cities in ColombiaCartagenaYes
50%
cities in ThailandChiang MaiYes
50%
cities in RussiaKrasnodarYes
50%
cities in ThailandPattayaYes
50%
cities in ColombiaBarranquillaYes
46%
cities in GreeceLarissaYes
46%
cities in UkraineZaporizhzhiaYes
46%
cities in TurkeyAdanaYes
42%
cities in SwedenÖrebroYes
42%
cities in UkraineKryvyi RihYes
38%
cities in TurkeyBursaYes
33%
cities in ThailandSurat ThaniYes
33%

Score Distribution

Percentile by Number Answered

Percent of People with Each Score

Your Score History

You have not taken this quiz